000
00260nam a22000977a 4500
999
_c
11798
_d
11798
008
200217b ||||| |||| 00| 0 eng d
020
_a
057006144X
100
_a
Patterson Yvonne
_9
7479
245
_a
Doubting Thomas
260
_a
USA
_b
Concordia Publishing House
_c
1981